000 00647nam a2200217Ii 4500
003 JO-AjNU
008 230606s9999||||xx |||||||||||||| ||und||
020 _a0-7637-0608-6
040 _aJO-AjNU
_beng
_erda
_cJO-AjNU
041 _aeng
050 1 4 _aQA76.73.1998
100 3 _aWeems,CHIP/Dale,Nell,
_eauthor
_9919
245 0 0 _aintroduction to Turbo Pascal and Software Design
250 _a4 ed
264 3 1 _aJONES AND BARTLETT PUBLISHERS:LONDON,1998
300 _a468p
336 _atext
_btxt
_2rdacontent
337 _aunmediated
_bn
_2rdamedia
338 _avolume
_bnc
_2rdacarrier
650 4 _a Pascal (Computer program language) 
_9920
999 _aE485
_c485
_d485